Library Logo

Pioneer International University Library Catalogue

The riddle of Alabaster Royal / (Record no. 2659)

MARC details
000 -LEADER
fixed length control field 00500cam a2200181 a 4500
005 - DATE AND TIME OF LATEST TRANSACTION
control field 20250901165344.0
008 - FIXED-LENGTH DATA ELEMENTS--GENERAL INFORMATION
fixed length control field 970528s1997 nyu 000 1 eng
010 ## - LIBRARY OF CONGRESS CONTROL NUMBER
LC control number 97023035
020 ## - INTERNATIONAL STANDARD BOOK NUMBER
International Standard Book Number 0312171218
050 00 - LIBRARY OF CONGRESS CALL NUMBER
Classification number PS3572.E766 .V47 1997
Item number R53 1997
082 00 - DEWEY DECIMAL CLASSIFICATION NUMBER
Classification number 813/.54
Edition information 21
100 1# - MAIN ENTRY--PERSONAL NAME
Personal name Veryan, Patricia.
245 14 - TITLE STATEMENT
Title The riddle of Alabaster Royal /
Statement of responsibility, etc. Patricia Veryan.
250 ## - EDITION STATEMENT
Edition statement 1st ed.
260 ## - PUBLICATION, DISTRIBUTION, ETC.
Place of publication, distribution, etc. New York :
Name of publisher, distributor, etc. St. Martin's Press,
Date of publication, distribution, etc. c1997.
300 ## - PHYSICAL DESCRIPTION
Extent 325 p. ;
Dimensions 22 cm.
942 ## - ADDED ENTRY ELEMENTS (KOHA)
Source of classification or shelving scheme Dewey Decimal Classification
Holdings
Withdrawn status Lost status Source of classification or shelving scheme Damaged status Not for loan Home library Current library Shelving location Date acquired Total checkouts Full call number Barcode Date last seen Date last checked out Price effective from Koha item type
    Library of Congress Classification     Main Library Main Library   03/16/2021 1 PS3572.E766 .V47 1997 PIU0006090 02/15/2024 02/02/2024 03/16/2021 Books